Регионална библиотека "Любен Каравелов" - Русе

Ръководство за билкосъбиране (Запис номер 174125)

MARC детайли
000 -Лидер
Контролно поле с фиксирана дължина 01532nam a2200325 c 4500
003 - Код на организацията, давaща контролен номер
Контролно поле BLK
005 - Дата и час на последна редакция
Контролно поле 20180422114630.0
008 - Елементи от данни с фиксирана дължина
fixed length control field 180411b bul|||||r ||||||| ||bul||
010 ## - Наследен системен номер
LC control number KNG00182578000
040 ## - Източник на каталожния запис
Идентификатор на билиотеката - собственик на записа BLK
041 ## - Код за език
Код за езика на текст/звукозапис или на отделно заглавие Български
Код за езика КДБФ Български
080 ## - УДК
Текстов определител УДК Етеричномаслени растения. Ароматни, оцветителни, дъбилни, лекарствени растения
УДК код - определител по УДК 633.8
УДК определител
УДК - код + определител 633.8
100 1# - Редна дума - Автор
Автор Стоянов, Нено
Авторска отговорност първи автор
R(LIN) 377345
139 ## - Редно поле
Редна дума Стоянов, Нено
Авторски знак Стоя - С 83
245 10 - Сведения за заглавието
Заглавие Ръководство за билкосъбиране
Подзаглавни данни Ръководство за разпознаване, разпространение, събиране, сушене, опаковане и съхраняване на билките
Редно поле (дума) Нено Стоянов.
250 ## - Област на изданието
Сведения за изданието 3. доп. изд.
257 ## - Страна на издаване
Страна на създаване/издаване България
260 ## - Област на издателските данни
-- София
Име на издателя, разпространителя и проч. Земиздат
Година на издаване 1966
300 ## - Физическа характеристика
Страници 627 с.
Илюстрации и др. с ил.
Размери/Мащаб 22 см
380 ## - Жанр
Жанр Селско стопанство
500 ## - Общи забележки
Забележка 1. изд. 1956 със загл. Практическо ръководство за билкосъбиране на изд. Наука и изкуство. - Библиогр. с. 622-624. - 7 170 тир.
650 #4 - Допълнително описание по предмет – тема
Основно описание – тема или топоним Билкарство - наръчници и ръководства
9 (RLIN) 242384
653 ## - Ключова дума – ненормативна
Ключова дума билки
653 ## - Ключова дума – ненормативна
Ключова дума ръководства
852 ## - Местоположение
Форматна сигнатура Цб 37031
856 4# - Електронен адрес и достъп
Електронен формат pdf - файл
Път до файла /url/
856 4# - Електронен адрес и достъп
Електронен формат pdf - файл
Път до файла /url/
942 ## - АРТИКУЛИ
Вид на библиотечния материал Книги
Скрит в OPAC Не
944 ## - СЪЗДАВАНЕ И РЕДАКЦИЯ на ЗАПИСА
Създаване/Редакция Създаване
Дата на регистрацията/редакция 24.09.2015
Служител, извършил регистрацията/редакцията Кина_Георгиева
944 ## - СЪЗДАВАНЕ И РЕДАКЦИЯ на ЗАПИСА
Създаване/Редакция Редакция
Дата на регистрацията/редакция 24.09.2015
Служител, извършил регистрацията/редакцията Кина_Георгиева
999 ## - СИСТЕМНИ КОНТРОЛНИ НОМЕРА
Koha biblionumber 174125
Koha biblioitemnumber 174125
Наличности
Код за отписване Код за изгубен артикул Източник на класификационната схема Код за повреда Коз за рестрикции Код за отдаване Артикулен № Име на библиотеката - собственик Име на библиотеката, в която се намира в момента Статус (Текущо местоположение) Дата на вписване в системата Местоположение - отдел Цена в лева Инвентарен номер Систематично азбучна сигнатура Баркод Номер на екземпляра Цена в евро Служебна бележка Служебен тип на артикула
  Не е изгубен Universal Decimal Classification Не е повреден само за читалня ползва се в читалня 298414 Регионална библиотека "Любен Каравелов" Русе Регионална библиотека "Любен Каравелов" Русе Хранилище 1966-01-01 Хранилище 1.70 4544/66 Цб 37031 900000097285 1 0.87 N: стар фонд Дата: 01.01.1966 Книги
Изтеглен Не е изгубен Universal Decimal Classification Не е повреден без рестрикции заемане за дома 298415 Регионална библиотека "Любен Каравелов" Русе Регионална библиотека "Любен Каравелов" Русе Заемна - подръчен фонд 1966-01-01 Заемна - подръчен фонд 0.00 5515/66 П 633.8/С 83 5515/66 2 0.00 N: стар фонд Дата: 01.01.1966 Книги
Изтеглен Не е изгубен Universal Decimal Classification Не е повреден без рестрикции заемане за дома 298416 Регионална библиотека "Любен Каравелов" Русе Регионална библиотека "Любен Каравелов" Русе Заемна - подръчен фонд 1966-01-01 Заемна - подръчен фонд 1.70 5514/66 П 633.8/С 83 5514/66 3 0.87 N: стар фонд Дата: 01.01.1966 Дата инв: 16.02.2018 Бележки инв: П2018 Книги
Vip Innovations Ltd, Rousse, Bulgaria 2025